| 000 | 00415nam a2200169Ia 4500 | ||
|---|---|---|---|
| 005 | 20240823005121.0 | ||
| 008 | 240823s9999||||xx |||||||||||||| ||und|| | ||
| 082 | _A621.381 N5 | ||
| 100 | _aBhattacharya S K [etal] | ||
| 245 | 0 | _aIndustrial Electronics and Control | |
| 250 | _a1st | ||
| 260 |
_c1995 _b"TMH,New Delhi" |
||
| 500 | _aYES | ||
| 650 |
_aElectronics _bElectronics |
||
| 942 | _cBK | ||
| 999 |
_c154795 _d154795 |
||